01207nam a2200253 a 450000100100000000500170001000800410002702000180006804000250008608200190011124501450013026000430027530000290031850000700034759000270041765000280044465000310047270000260050391000370052995201310056695201170069795201220081499900170093600004894620240412074307.0190507s2017 dr a r 000 0 spa d a9789945906516 aDO-SdBNPbspacBNPHU aRD861.44bO88d00aOtro día los cerezos :bsegunda antología del taller virtual de jaikus contemporáneos del TCLEC /ctaller y selección Alexis Peña. aSanto Domingo :bLetra Erguida,c2017. a209 p. :bil., ;c16 cm. aIncluye datos biográficos del autor en la solapa de la cubierta aInventariado, 2019/MFF 0aPoesía dominicana966 0aLiteratura dominicana.9671 aPeña, Alexis,95700 aValidado. Control de calidad MFF 001054708DSaGRbGRcHDd2019-05-07iLF1l0oRD861.44 O88dp48946-30r2020-06-25te.3w2020-06-25yLFDSZPréstamo en sala 0010718PDaPDbPDcHDd2019-05-07iLF1l0oRD861.44 O88dp48946-10r2020-06-25w2020-06-25yLFPDZNo se presta 0010718PDaPDbPDcHDd2019-05-07iLF1l0oRD861.44 O88dp48946-20r2020-06-25te.2w2020-06-25yLFPDZNo se presta c48434d48434